000 01483cad a22002175a 4500
001 L155749
008 120413s2012 xxk 000 0 eng u
020 _a9780117541153
035 _a(Sirsi) u155749
041 0 _aeng
110 _aUnited Kingdom
_bDepartment for Communities and Local Government
_94939
245 4 _aThe Building Act 1984, Building (Amendment) Regulations 2012
_h[electronic resource]
260 _aLondon
_bDCLG
_c2012
490 _aCircular
_v01/2012 13 March 2012
520 _aThe purpose of this Circular is to draw attention to the fact that the amendments apply in England and to excepted energy buildings in Wales; amend the name of the registration body Building Engineering Services Competence Accreditation Limited to Building Engineering Services Competence Assessment Limited wherever it appears in Schedule 3 to the Building Regulations 2010; remove the name of Benchmark Certification Limited in respect of a number of types of work in Schedule 3 to the Building Regulations 2010. The Building (Amendment) Regulations 2012 make minor amendments to the Building Regulations 2010 (SI 2010/2214), and should be read in conjunction with the Building Regulations 2010.
651 4 _aEngland and Wales
_y1543-
690 _aBuilding regulations
_96224
690 _aPlanning and development
_96259
856 _uhttps://www.communities.gov.uk/documents/planningandbuilding/pdf/2105956.pdf
_vView the Circular at www.communities.gov.uk
942 _n0
999 _c113792
_d113792